Style in fiction : a linguistic introduction to English fictional prose /

Bibliographic Details
Main Author: Leech, Geoffrey N.
Other Authors: Short, Mick
Format: Book
Language:English
Published: London ; New York : Longman, 1981.
Series:English language series ; 13.
Subjects:

MARC

Tag First Indicator Second Indicator Subfields
LEADER 00000cam a2200000 a 4500
001 in00000048878
005 20151007075721.0
008 820227s1981 enka b 00110 eng
010 |a  79041568  
015 |a GB*** 
020 |a 058229102X 
020 |a 0582291038 (pbk.) :  |c 96.95 
035 |a (OCoLC)08020009 
035 |9 AAF3710AM 
039 0 |a 2  |b 3  |c 3  |d 3  |e 3 
040 |a DLC  |c DLC  |d TXA  |d UtOrBLW 
043 |a e-uk---  |a n-us--- 
049 |a TXAM  |c [1443267] 
050 0 0 |a PR826  |b  L4 
082 0 |a 823/.009  |2 19 
100 1 |a Leech, Geoffrey N. 
245 1 0 |a Style in fiction :  |b a linguistic introduction to English fictional prose /  |c Geoffrey N. Leech, Michael H. Short. 
264 1 |a London ;  |a New York :  |b Longman,  |c 1981. 
300 |a xiii, 402 pages :  |b illustrations ;  |c 22 cm. 
336 |a text  |b txt  |2 rdacontent 
337 |a unmediated  |b n  |2 rdamedia 
338 |a volume  |b nc  |2 rdacarrier 
490 1 |a English language series ;  |v 13 
500 |a Includes indexes. 
504 |a Bibliography: pages [387]-393. 
650 0 |a English fiction  |x History and criticism. 
650 0 |a American fiction  |x History and criticism. 
650 0 |a English language  |x Style. 
650 0 |a Fiction  |x Technique. 
700 1 |a Short, Mick. 
830 0 |a English language series ;  |v 13. 
999 |a MARS 
999 f f |s 64aacf73-ceba-3b39-a968-20f8ceebb01f  |i 23ad6b51-6888-3bff-8340-d0b0f2205c93  |t 0 
952 f f |p normal  |a Texas A&M University  |b College Station  |c Sterling C. Evans Library  |d Evans: Library Stacks  |t 0  |e PR826 L4  |h Library of Congress classification  |i unmediated -- volume  |m A14805941119 
998 f f |a PR826 L4  |t 0  |l Evans: Library Stacks